Statistics for Five Biggest Immigrant Groups by Country #1

Click here to take the quiz!

General Stats

  • This quiz has been taken 64,289 times
    (38,315 since last reset)
  • The average score is 24 of 35

Answer Stats

Ranking Country % Correct
United StatesMexico
96%
AustraliaUnited Kingdom
94%
United States, Australia, United Kingdom, BahrainIndia
92%
United States, AustraliaChina
91%
BrazilJapan
90%
Switzerland, United KingdomGermany
86%
Switzerland, France, BrazilItaly
86%
SwitzerlandFrance
84%
Germany, United KingdomPoland
83%
United Kingdom, BahrainPakistan
80%
RussiaUkraine
79%
GermanyRussia
77%
GermanyTurkey
76%
ChinaSouth Korea
75%
United States, AustraliaVietnam
72%
Switzerland, France, BrazilPortugal
71%
United KingdomIreland
71%
ChinaIndonesia
71%
GermanySyria
69%
FranceAlgeria
68%
FranceMorocco
65%
Russia, GermanyKazakhstan
65%
United States, China, BahrainPhilippines
65%
AustraliaNew Zealand
64%
BahrainEgypt
61%
BahrainBangladesh
58%
RussiaBelarus
58%
ChinaBrazil
57%
ChinaTaiwan
51%
FranceTunisia
49%
RussiaUzbekistan
44%
BrazilBolivia
36%
BrazilParaguay
34%
SwitzerlandSerbia
33%
RussiaAzerbaijan
29%

Score Distribution

Percentile by Number Answered

Percent of People with Each Score

Your Score History

You have not taken this quiz since the last reset